七根凶簡 : 鳳凰涅槃 . 七
| 資料類型: | 圖書 | 書目號: | 55730 |
Leader xxxxxxxxxx 001 __ PCLIS00055730 005 __ 20220107142039.0 010 0_ |a978-986-92891-8-4|b上 : 平裝|dNT$240 010 0_ |a978-986-93612-0-0|b下 : 平裝|dNT$240 100 __ |a20211118d2016 m y0chiy09 e 101 0_ |achi 102 __ |atw 105 __ |ay z 000ay 200 1_ |a七根凶簡|h七|e鳳凰涅槃|dSeven devils|zeng|f尾魚作 205 __ |a初版 210 __ |a新北市樹林區|c欣燦連出版|c知翎文化發行|d2016[民105] 215 0_ |a2冊(253, 285面)|d21公分 510 1_ |aSeven devils|zeng 681 __ |a857.7|b855 700 _0 |a尾魚|4作 801 _0 |atw|b內湖高中|c20211118|gCCR |